00646nam a22002417a 450000500170000001000130001702000100003003500130004003700160005304000120006908200160008110000140009724500830011125000110019426000420020527000380024730000250028550000200031065000150033065000270034570000160037270000160038820170124110050.0 aA-293493 c67.50 aA-293493 bCen Lib/Ret aDPLbEN a658.15bHIN aHingorani aManagement accounting /cby Hingorani [and] Ramanathan; edited by T.S. Grewal  a4th ed aNew DelhibSultan chand & sons c1983 bNew Delhia23, Daryaganj e110002 axiii,852p.c20cm(Hb) aIncludes index  aEconomics  aManagement accounting  aRamanathan  aGrewal, T.S